175 verbes irréguliers anglais - Statistiques

Statistiques générales
  • Ce quiz a été pris 1 556 fois
  • Le résultat moyen est 213 sur 525
Statistiques - réponses
Verbes en anglais % Correct
be
93%
was, were
87%
been
85%
become
82%
became
81%
win
80%
cut
79%
go
79%
buy
78%
choose
78%
eat
78%
broke
77%
come
77%
do
77%
broken
76%
drink
76%
wake
76%
beat
75%
break
75%
build
75%
came
75%
chose
75%
chosen
75%
eaten
74%
gotten, got
74%
ate
73%
bought
73%
drunk
73%
have
73%
begin
72%
bit
72%
built
72%
burn
72%
drive
72%
fall
72%
give
72%
began
71%
did
71%
drank
71%
dream
71%
find
71%
catch
70%
drove
70%
fight
70%
fly
70%
forget
70%
forgot
70%
forgotten, forgot
70%
see
70%
begun
69%
bitten
69%
cost
69%
done
69%
draw
69%
driven
69%
fallen
69%
found
69%
gave
69%
given
69%
gone
69%
run
69%
woke
69%
write
69%
bite
68%
burnt, burned
68%
fell
68%
had
68%
read
68%
saw, sawed
68%
went
68%
dreamt, dreamed
67%
ran
67%
written
67%
wrote
67%
feel
66%
know
66%
saw
66%
say
66%
sleep
66%
won
66%
bring
65%
felt
65%
fought
65%
leave
65%
put
65%
sing
65%
bet
64%
can
64%
drew
64%
meet
64%
swim
64%
hear
63%
knew
63%
pay
63%
seen
63%
slept
63%
beaten
62%
bid, bade
62%
bid, bidden
62%
bleed
62%
caught
62%
drawn
62%
learn
62%
make
62%
met
62%
sang
62%
take
62%
think
62%
wear
62%
woken
62%
get
61%
grow
61%
known
61%
lose
61%
grew
60%
heard
60%
keep
60%
left
60%
lost
60%
said
60%
swam
60%
borne, born
59%
flew
59%
forgive
59%
sung
59%
forbid
58%
forbidden
58%
forgiven
58%
got
58%
grown
58%
kept
58%
learnt
58%
made
58%
paid
58%
send
58%
taken
58%
teach
58%
understand
58%
bled
57%
brought
57%
forgave
57%
sit
57%
hid
56%
sell
56%
sent
56%
speak
56%
took
56%
understood
56%
feed
55%
freeze
55%
froze
55%
frozen
55%
hidden
55%
hide
55%
spoke
55%
spoken
54%
tell
54%
could
53%
fed
53%
flown
53%
sat
53%
swum
53%
blow
52%
show
52%
thought
52%
blew
51%
shine
51%
blown
50%
hurt
50%
sold
50%
ring
49%
stand
49%
throw
49%
rang
48%
smell
48%
told
48%
mean
47%
shown
47%
wore
47%
awake
46%
dig
46%
hold
46%
meant
46%
rung
46%
awoke
45%
rid
45%
shoot
45%
spell
45%
held
44%
shot
44%
spin
44%
threw
44%
awoken
43%
hit
43%
light
43%
smelt
43%
taught
43%
thrown
43%
forbade
42%
lead
42%
steal
42%
stood
42%
swear
42%
lean
41%
shone
41%
stole
41%
dug
40%
led
40%
ridden
40%
ride
40%
rode
40%
spelt
40%
stolen
40%
bend
39%
lit, lighted
39%
swore
38%
worn
38%
bent
37%
prove
37%
sawn, sawed
37%
spend
37%
spent
37%
stick
37%
shake
36%
showed
36%
bear
35%
let
35%
proven, proved
35%
shaken
35%
shut
35%
lay
34%
rise
34%
wet, wetted
34%
dive
33%
lie
33%
wet
33%
burst
32%
quit
32%
risen
32%
rose
32%
kneel
31%
tore
31%
bore
30%
dived, dove
30%
flee
30%
leant, leaned
30%
stink
30%
tear
30%
lend
29%
lent
29%
shook
29%
spread
29%
stank
29%
stuck
29%
stunk
29%
sworn
29%
hang
28%
knelt, kneeled
28%
knelt, knelled
28%
laid
28%
hung
27%
seek
27%
speed
27%
torn
27%
proved
26%
sink
26%
spat, spit
26%
sank, sunk
25%
sped
25%
spit
25%
sunk, sunken
25%
cast
24%
sweat
24%
sweat, sweated
24%
swing
24%
fled
23%
slid
23%
broadcast
22%
dived
22%
set
22%
shoe
22%
spoil
22%
swung
22%
bid
21%
bred
21%
breed
21%
deal
21%
slide
21%
spun
20%
sweep
20%
arise
19%
arisen
19%
arose
19%
dealt
19%
forecast
19%
overcome
19%
sting
19%
swept
19%
overcame
18%
relay
18%
spill
18%
spoilt
18%
stung
18%
leap
17%
mow
17%
mowed, mown
17%
split
17%
weep
17%
creep
16%
lain
16%
leapt, leaped
16%
spilt, spilled
16%
wept
16%
abide
15%
crept
15%
foresee
15%
grind
15%
plead
15%
abode
14%
foresaw
14%
foreseen
14%
ground
14%
mowed
14%
pled, pleaded
14%
relaid
14%
sought
14%
sow
14%
strike
14%
clothe
13%
dwell
13%
dwelt
13%
dwelt, dwelled
13%
slay
13%
withdraw
13%
cling
12%
clad, clothed
11%
clung
11%
sown, sowed
11%
sprang
11%
spring
11%
withdrawn
11%
withdrew
11%
clad, clothed
10%
sprung
10%
stricken, struck
10%
struck
10%
swell
10%
begat, begot
9%
beget
9%
begotten
9%
fling
9%
flung
9%
forsake
9%
forsaken
9%
sowed
9%
swollen
9%
undergo
9%
undergone
9%
underwent
9%
chid, chidden
8%
chid, chode
8%
chide
8%
swelled, sweated
8%
thrive
8%
wind
8%
forsook
7%
shod
7%
slain
7%
slew
7%
slit
7%
thriven, thrived
7%
throve, thrived
7%
wring
7%
wrung
7%
wound
6%
partake
5%
partaken
5%
partook
5%
strive
5%
striven
5%
strove
5%
thrust
5%
offset
4%
shed
4%
preset
3%
tread
3%
trod
3%
trodden
3%
typeset
3%
slink
2%
slunk, slinked
2%
strew
2%
strewn, strewed
2%
strewed
1%
Aucun quiz correspondant
Distribution des résultats
% des personnes avec chaque résultat
Percentile par nombre de réponses
Votre historique - résultats
Vous n’avez pas pris ce quiz